The South African Liquor Law / (Record no. 639)

MARC details
000 -LEADER
fixed length control field 00545nam a22001697a 4500
005 - DATE AND TIME OF INPUT
control field 20231114143525.0
008 - DATA ELEMENTS--GENERAL INFORMATION
fixed length control field 231114b |||||||| |||| 00| 0 eng d
041 ## - LANGUAGE CODE
Language code of text English
082 ## - SHELF NUMBER
DDC number 344.5 LAN
100 ## - MAIN AUTHOR
Main author's name Lansdown, CWH and Broeksma, AH
Language of a work English
245 ## - TITLE STATEMENT
Title The South African Liquor Law /
Statement of responsibility, etc. CWH Lansdown and AH Broeksma
250 ## - EDITION STATEMENT
Edition statement Fourth Edition
260 ## - PUBLICATION, DISTRIBUTION, ETC.
Place of publication, distribution, etc. Cape Town :
Name of publisher, distributor, etc. Juta and Company Ltd,
Date of publication, distribution, etc. 1955
300 ## - PHYSICAL DESCRIPTION
Other physical details lvi, 700 pages ;
Dimensions 26 cm.
650 ## - SUBJECT`
Broad subject Legal practice
Own subject terms Law
942 ## - ADDED ENTRY ELEMENTS (KOHA)
Item type Books
942 ## - ADDED ENTRY ELEMENTS (KOHA)
-- ALISON_BN_VRIES
Holdings
Source of classification or shelving scheme Not for loan Collection code Home library Current library Shelving location Date acquired Full call number Barcode Price effective from Koha item type
Dewey Decimal Classification   TEXT BOOKS LAW SOCIETY OF NAMIBIA LIBRARY - WINDHOEK LAW SOCIETY OF NAMIBIA LIBRARY - WINDHOEK General Shelf 11/14/2023 344.5 LAN LSN/1987/253 11/14/2023 Books